| 000 | 00498ntaaa2200181 4500 | ||
|---|---|---|---|
| 003 | 01 | ||
| 005 | 20251027201520.0 | ||
| 008 | 0714s1973 ag 01 | ||
| 040 |
_aAR-BaBN _bspa _cAR-BaBN _eaacr _dRIC |
||
| 082 | _a036.0000 G86 | ||
| 100 |
_aGrégoire, Luis _913690 |
||
| 245 | _aDiccionario enciclopédico de historia, biografía, mitología y geografía | ||
| 250 | _a1 ed. | ||
| 260 |
_as.l : _bLibrería de Garnier Hermanos, _c1879 |
||
| 300 | _a2 v | ||
| 650 |
_aEnciclopedia _94912 |
||
| 942 | _cBK | ||
| 999 |
_c9708 _d9708 |
||